[Event "Arco op 37th"]
[Site "Arco"]
[Date "2015.10.15"]
[Round "6"]
[White "Bartiromo, Gerardo"]
[Black "Weinberg, Emanuele"]
[Result "1/2-1/2"]
[WhiteElo "1611"]
[BlackElo "1696"]
[PlyCount "44"]
[EventDate "2015.10.10"]
[EventType "swiss"]
[EventRounds "9"]
[EventCountry "ITA"]
[SourceTitle "CBM 168 Extra"]
[Source "ChessBase"]
[SourceDate "2015.10.29"]
[SourceVersion "1"]
[SourceVersionDate "2015.10.29"]
[SourceQuality "1"]

1. Nf3 Nf6 2. g3 g6 3. Bg2 Bg7 4. d4 c6 5. 0-0 0-0 6. c4 d5 7. cxd5 Nxd5 8. e4 Nf6 9. Nc3 Bg4 10. Be3 Qd7 11. Qd3 Bxf3 12. Bxf3 Na6 13. a3 Nc7 14. Rad1 Rad8 15. Rd2 Ng4 16. Bxg4 Qxg4 17. f3 Qc8 18. Ne2 e5 19. Qc4 exd4 20. Bxd4 Bxd4+ 21. Nxd4 Rfe8 22. Rfd1 Rd7 1/2-1/2

[Event "Arco op 37th"]
[Site "Arco"]
[Date "2015.10.11"]
[Round "2"]
[White "Antoniacci, Ricardo"]
[Black "Weinberg, Emanuele"]
[Result "1-0"]
[WhiteElo "1847"]
[BlackElo "1696"]
[PlyCount "59"]
[EventDate "2015.10.10"]
[EventType "swiss"]
[EventRounds "9"]
[EventCountry "ITA"]
[SourceTitle "CBM 168 Extra"]
[Source "ChessBase"]
[SourceDate "2015.10.29"]
[SourceVersion "1"]
[SourceVersionDate "2015.10.29"]
[SourceQuality "1"]

1. e4 d5 2. exd5 Qxd5 3. Nc3 Qa5 4. d4 Nf6 5. Bc4 Bf5 6. Bb3 c6 7. Bd2 Qc7 8. Qf3 e6 9. h3 h6 10. g4 Bh7 11. h4 Nbd7 12. g5 Nd5 13. Ne4 Bxe4 14. Qxe4 hxg5 15. Bxg5 N7f6 16. Qf3 0-0-0 17. 0-0-0 Be7 18. c4 Nb6 19. Ne2 Nh5 20. Bd2 Nf6 21. Ba5 c5 22. Kb1 cxd4 23. Nxd4 Qc5 24. Nb5 Kb8 25. a3 Rxd1+ 26. Rxd1 a6 27. Qg3+ e5 28. Bb4 Qc6 29. Qxe5+ Ka8 30. Nc7+ 1-0

[Event "Arco op 36th"]
[Site "Arco"]
[Date "2014.10.11"]
[Round "8"]
[White "Weinberg, Emanuele"]
[Black "Bisignano, Giuseppe"]
[Result "0-1"]
[WhiteElo "1733"]
[BlackElo "1837"]
[PlyCount "68"]
[EventDate "2014.10.04"]
[EventType "swiss"]
[EventRounds "9"]
[EventCountry "ITA"]
[SourceTitle "EXT 2016"]
[Source "ChessBase"]
[SourceDate "2015.10.08"]
[SourceVersion "1"]
[SourceVersionDate "2015.10.08"]
[SourceQuality "1"]

1. d4 Nf6 2. c4 g6 3. Nc3 Bg7 4. e4 d6 5. f3 0-0 6. Be3 Nbd7 7. Qd2 e5 8. d5 Ne8 9. Bg5 f6 10. Bh6 f5 11. Bxg7 Kxg7 12. h4 h6 13. Bd3 f4 14. Qf2 Nef6 15. Nge2 Nh5 16. 0-0-0 a6 17. Nb1 Nc5 18. Bc2 a5 19. Nd2 a4 20. Nf1 c6 21. g4 fxg3 22. Nfxg3 Nf4 23. Nxf4 Rxf4 24. Ne2 Rf7 25. Rdg1 a3 26. b3 h5 27. Qg3 Qf6 28. Qg5 Qxg5+ 29. Rxg5 Rxf3 30. Rhg1 Bg4 31. Ng3 Kh7 32. Kb1 Raf8 33. Bd1 Rxg3 34. Rxg4 Rxg4 0-1

[Event "Condino op 13th"]
[Site "Condino"]
[Date "2013.07.21"]
[Round "1"]
[White "Weinberg, Emanuele"]
[Black "Ramesa, Marin"]
[Result "0-1"]
[WhiteElo "1786"]
[BlackElo "2214"]
[PlyCount "64"]
[EventDate "2013.07.21"]
[EventType "swiss"]
[EventRounds "7"]
[EventCountry "ITA"]
[SourceTitle "EXT 2015"]
[Source "ChessBase"]
[SourceDate "2014.11.20"]
[SourceVersion "1"]
[SourceVersionDate "2014.11.20"]
[SourceQuality "1"]

1. d4 Nf6 2. c4 e6 3. Nc3 Bb4 4. a3 Bxc3+ 5. bxc3 d6 6. Qc2 0-0 7. Nf3 Qe7 8. e4 e5 9. d5 h6 10. Be2 Na6 11. 0-0 Nc5 12. Nd2 Bd7 13. a4 a5 14. f3 Nh5 15. Nb1 Nf4 16. Kh1 Nxe2 17. Qxe2 f5 18. Be3 Nxa4 19. exf5 b6 20. Qc2 Nc5 21. g4 a4 22. Bxc5 bxc5 23. Na3 Rfb8 24. Rfb1 Qg5 25. Rxb8+ Rxb8 26. Nb5 Bxb5 27. cxb5 Rxb5 28. Qxa4 Rb8 29. Qa7 Rb2 30. Qa4 Qe7 31. Qc6 Kh7 32. Qa4 Qh4 0-1

[Event "Arco op 34th"]
[Site "Arco"]
[Date "2012.10.13"]
[Round "1"]
[White "Weinberg, Emanuele"]
[Black "Karl, Hans"]
[Result "1/2-1/2"]
[WhiteElo "1795"]
[BlackElo "2141"]
[PlyCount "103"]
[EventDate "2012.10.13"]
[EventType "swiss"]
[EventRounds "9"]
[EventCountry "ITA"]
[SourceTitle "EXT 2013"]
[Source "ChessBase"]
[SourceDate "2012.11.22"]
[SourceVersion "1"]
[SourceVersionDate "2012.11.22"]
[SourceQuality "1"]

1. d4 Nf6 2. c4 g6 3. Nc3 Bg7 4. g3 d6 5. Bg2 c6 6. Nf3 0-0 7. 0-0 Nbd7 8. b3 Re8 9. Bb2 e5 10. dxe5 dxe5 11. e4 Qc7 12. Qe2 Nf8 13. Rad1 Bg4 14. h3 Bxf3 15. Qxf3 Ne6 16. Ne2 Rad8 17. Qe3 a6 18. b4 Nd7 19. Qb3 Ndf8 20. c5 Rxd1 21. Rxd1 Rd8 22. Rd3 Rxd3 23. Qxd3 Qd7 24. Qxd7 Nxd7 25. Kf1 Kf8 26. Ke1 Ke7 27. Kd2 a5 28. a3 axb4 29. axb4 b6 30. cxb6 Nxb6 31. Kd3 Kd6 32. Ba3 Nc7 33. Nc3 Nb5 34. Nxb5+ cxb5 35. Bc1 Kc6 36. f4 Nc4 37. f5 Bf8 38. Kc3 Nd6 39. fxg6 hxg6 40. g4 Be7 41. g5 f6 42. gxf6 Bxf6 43. Bf3 Bh4 44. Kd3 Be1 45. Bd2 Bxd2 46. Kxd2 Kd7 47. Kd3 Ke7 48. h4 Kf6 49. Bg4 Kg7 50. Bd7 Kh6 51. Bg4 Kg7 52. Bd7 1/2-1/2

[Event "Condino op 12th"]
[Site "Condino"]
[Date "2012.07.26"]
[Round "5"]
[White "Weinberg, Emanuele"]
[Black "Calabrese, Maurizio"]
[Result "1-0"]
[WhiteElo "1786"]
[BlackElo "1541"]
[PlyCount "77"]
[EventDate "2012.07.22"]
[EventType "swiss"]
[EventRounds "7"]
[EventCountry "ITA"]
[SourceTitle "CBM 149 Extra"]
[Source "ChessBase"]
[SourceDate "2012.08.24"]
[SourceVersion "1"]
[SourceVersionDate "2012.08.24"]
[SourceQuality "1"]

1. d4 Nf6 2. c4 e6 3. g3 c6 4. Bg2 Qa5+ 5. Bd2 Bb4 6. Nc3 d5 7. Nf3 Be7 8. Nxd5 Qd8 9. Nxe7 Qxe7 10. Qc2 h6 11. e4 a5 12. e5 Nh7 13. 0-0 Nd7 14. Be3 0-0 15. Nd2 Rd8 16. Ne4 Ndf8 17. Rad1 Bd7 18. Nd6 Be8 19. Qb3 Ng6 20. Qxb7 Qxb7 21. Nxb7 Rdb8 22. Nd6 Rxb2 23. Nxe8 Rxe8 24. Rd2 Rxd2 25. Bxd2 Ne7 26. Rb1 a4 27. Rb6 Ra8 28. Bxc6 Ra7 29. Bb5 Ra8 30. Ra6 Rd8 31. Bc3 Ng5 32. Kg2 f6 33. Rd6 Rc8 34. Ba5 fxe5 35. dxe5 Ne4 36. Rxe6 Kf7 37. Ra6 Nf5 38. Bd7 Rxc4 39. Be6+ 1-0

[Event "Condino op 12th"]
[Site "Condino"]
[Date "2012.07.22"]
[Round "1"]
[White "Medancic, Rikard"]
[Black "Weinberg, Emanuele"]
[Result "1-0"]
[WhiteElo "2223"]
[BlackElo "1786"]
[PlyCount "49"]
[EventDate "2012.07.22"]
[EventType "swiss"]
[EventRounds "7"]
[EventCountry "ITA"]
[SourceTitle "CBM 149 Extra"]
[Source "ChessBase"]
[SourceDate "2012.08.24"]
[SourceVersion "1"]
[SourceVersionDate "2012.08.24"]
[SourceQuality "1"]

1. d4 Nf6 2. Nf3 g6 3. Bg5 Bg7 4. Nbd2 d6 5. e4 Nbd7 6. c3 c5 7. Be2 Qc7 8. h3 0-0 9. 0-0 a6 10. a4 Rb8 11. Re1 e5 12. dxe5 dxe5 13. Qc2 b5 14. Bf1 c4 15. axb5 axb5 16. b3 Nb6 17. bxc4 bxc4 18. Ra5 Ne8 19. Qa2 Be6 20. Rb1 f6 21. Be3 Nd6 22. Ra7 Qd8 23. Ra6 Na8 24. Rxb8 Qxb8 25. Bc5 1-0

[Event "Condino op"]
[Site "Condino"]
[Date "2010.07.26"]
[Round "2"]
[White "Weinberg, Emanuele"]
[Black "Salvotti, James"]
[Result "0-1"]
[WhiteElo "1843"]
[BlackElo "1582"]
[PlyCount "88"]
[EventDate "2010.07.26"]
[EventType "swiss"]
[EventRounds "7"]
[EventCountry "ITA"]
[SourceTitle "CBM 137 Extra"]
[Source "ChessBase"]
[SourceDate "2010.09.01"]
[SourceVersion "1"]
[SourceVersionDate "2010.09.01"]
[SourceQuality "1"]

1. d4 Nf6 2. c4 e5 3. dxe5 Ng4 4. e4 Nxe5 5. f4 Nec6 6. Be3 Bb4+ 7. Nd2 d6 8. Ngf3 Bg4 9. Be2 Qe7 10. 0-0 Nd7 11. a3 Bc5 12. Bxc5 Nxc5 13. Re1 0-0 14. Nd4 Bxe2 15. Nxc6 bxc6 16. Qxe2 Rfe8 17. b4 Ne6 18. Qf2 c5 19. Nb3 Rab8 20. b5 Qf6 21. g3 Qc3 22. Nd2 Nd4 23. Rac1 Qxd2 24. Qf1 Re6 25. Rcd1 Qb2 26. Rb1 Qxa3 27. Ra1 Qc3 28. Kh1 Qf3+ 29. Qxf3 Nxf3 30. Re2 Nd4 31. Rea2 Rxe4 32. Rxa7 g6 33. Rxc7 Re2 34. Kg1 Nf3+ 35. Kf1 Rxh2 36. Raa7 Re8 37. Re7 Rxe7 38. Rxe7 Rb2 39. Re2 Rb1+ 40. Kf2 Nd4 41. Re8+ Kg7 42. Rd8 Rb2+ 43. Kf1 Nf5 44. g4 Ne3+ 0-1

[Event "Arco op 31st"]
[Site "Arco"]
[Date "2009.10.23"]
[Round "7"]
[White "Innocenti, Sandro"]
[Black "Weinberg, Emanuele"]
[Result "1-0"]
[WhiteElo "1701"]
[BlackElo "1874"]
[PlyCount "131"]
[EventDate "2009.10.17"]
[EventType "swiss"]
[EventRounds "9"]
[EventCountry "ITA"]
[SourceTitle "EXT 2010"]
[Source "ChessBase"]
[SourceDate "2010.11.25"]
[SourceVersion "1"]
[SourceVersionDate "2010.11.25"]
[SourceQuality "1"]

1. e4 g6 2. d4 c6 3. Bd3 d5 4. e5 h5 5. Nf3 Bg4 6. h3 Bxf3 7. Qxf3 Nh6 8. c3 e6 9. g4 h4 10. Nd2 c5 11. Bb5+ Nd7 12. dxc5 Bxc5 13. Nb3 Bb6 14. Bd2 a6 15. Ba4 Ba7 16. Bxd7+ Qxd7 17. Qf6 Rh7 18. Qxh4 Qe7 19. Bg5 Qf8 20. 0-0-0 Qh8 21. Bf6 Ng8 22. Bxh8 Rxh4 23. Bf6 Nxf6 24. exf6 Bxf2 25. Rdf1 Be3+ 26. Kb1 Bg5 27. Nd4 Rh8 28. Rf3 0-0-0 29. Kc2 e5 30. Nb3 e4 31. Rf2 Rd6 32. Nd4 Rxf6 33. Rxf6 Bxf6 34. Rf1 Bxd4 35. cxd4 Rh7 36. Rh1 Kd7 37. h4 f5 38. gxf5 gxf5 39. Rf1 Ke6 40. Rf4 Rg7 41. Rf2 Rg4 42. Rh2 f4 43. h5 Rg7 44. h6 Rh7 45. Kd2 Kf5 46. Rh5+ Kg4 47. Rxd5 Rxh6 48. Re5 Rh2+ 49. Ke1 Kf3 50. d5 e3 51. Kd1 e2+ 52. Kd2 Kg3 53. d6 Rh6 54. Kxe2 Rxd6 55. Rg5+ Kh4 56. Rg7 b5 57. b3 b4 58. Rb7 a5 59. Rb5 Kg4 60. Rxa5 Rc6 61. Rb5 Rc2+ 62. Kd1 Rxa2 63. Rxb4 Kg3 64. Rb8 Kf2 65. Rh8 Rb2 66. Rh2+ 1-0

[Event "Arco op 31st"]
[Site "Arco"]
[Date "2009.10.20"]
[Round "5"]
[White "Kern, Beat"]
[Black "Weinberg, Emanuele"]
[Result "1/2-1/2"]
[WhiteElo "1673"]
[BlackElo "1874"]
[PlyCount "87"]
[EventDate "2009.10.17"]
[EventType "swiss"]
[EventRounds "9"]
[EventCountry "ITA"]
[SourceTitle "EXT 2010"]
[Source "ChessBase"]
[SourceDate "2010.11.25"]
[SourceVersion "1"]
[SourceVersionDate "2010.11.25"]
[SourceQuality "1"]

1. Nf3 d5 2. d4 Nf6 3. g3 Bf5 4. Bg2 e6 5. 0-0 Nbd7 6. Bg5 h6 7. Bxf6 Nxf6 8. c4 c6 9. Qb3 Qc7 10. Nc3 Be7 11. Rac1 dxc4 12. Qxc4 a6 13. e3 0-0 14. Nh4 Bh7 15. Nf3 Rad8 16. Qe2 c5 17. Rfd1 c4 18. Ne5 b5 19. a3 Nd5 20. Nxd5 exd5 21. e4 dxe4 22. Bxe4 Bxe4 23. Qxe4 Bd6 24. Nf3 Rfe8 25. Qc2 Qe7 26. a4 Qe2 27. Kg2 Qxc2 28. Rxc2 Rd7 29. axb5 axb5 30. Kf1 Ra7 31. d5 Rc7 32. Nd4 Rc5 33. Nf5 Bf8 34. Ne3 Rd8 35. Rcd2 g6 36. d6 Rd7 37. Rd5 Rxd5 38. Rxd5 Rxd6 39. Rxb5 Rc6 40. Rb8 Kg7 41. Rb7 Bd6 42. Rb5 c3 43. bxc3 Rxc3 44. Rd5 1/2-1/2

[Event "Arco op 31st"]
[Site "Arco"]
[Date "2009.10.19"]
[Round "3"]
[White "Kierzek, Mira"]
[Black "Weinberg, Emanuele"]
[Result "1-0"]
[WhiteElo "2043"]
[BlackElo "1874"]
[PlyCount "93"]
[EventDate "2009.10.17"]
[EventType "swiss"]
[EventRounds "9"]
[EventCountry "ITA"]
[SourceTitle "EXT 2010"]
[Source "ChessBase"]
[SourceDate "2010.11.25"]
[SourceVersion "1"]
[SourceVersionDate "2010.11.25"]
[SourceQuality "1"]

1. Nf3 d5 2. d4 Nf6 3. e3 Bg4 4. Be2 e6 5. h3 Bh5 6. 0-0 Nbd7 7. c4 dxc4 8. Bxc4 Be7 9. Nc3 0-0 10. e4 Nb6 11. Be2 c5 12. Be3 Bxf3 13. gxf3 cxd4 14. Bxd4 Rc8 15. Rc1 Bc5 16. Be5 Qe7 17. Bd3 Nh5 18. Kh2 Qg5 19. Bg3 Nf4 20. Ne2 Nxd3 21. Qxd3 Rfd8 22. Qb3 Rd2 23. f4 Qe7 24. Nc3 Rcd8 25. e5 R8d3 26. Kh1 Rf3 27. Nd5 Rxb3 28. Nxe7+ Bxe7 29. axb3 f6 30. Rc7 Nd5 31. Rxb7 Rxb2 32. Ra1 Bc5 33. Rc1 Be7 34. exf6 gxf6 35. Rd1 Kf7 36. f5 Nc3 37. fxe6+ Kxe6 38. Re1+ Re2 39. Rxe2+ Nxe2 40. Rxa7 Nxg3+ 41. fxg3 Bd6 42. Rxh7 Bxg3 43. Kg2 Be5 44. Kf3 Kd6 45. Ke4 Ke6 46. Rb7 Kd6 47. Kf5 1-0

[Event "Condino op"]
[Site "Condino"]
[Date "2009.08.01"]
[Round "7"]
[White "Gardi, Giuseppe"]
[Black "Weinberg, Emanuele"]
[Result "1-0"]
[WhiteElo "2017"]
[BlackElo "1883"]
[PlyCount "112"]
[EventDate "2009.07.27"]
[EventType "swiss"]
[EventRounds "7"]
[EventCountry "ITA"]
[SourceTitle "CBM 131 Extra"]
[Source "ChessBase"]
[SourceDate "2009.09.03"]
[SourceVersion "2"]
[SourceVersionDate "2009.09.16"]
[SourceQuality "1"]

1. d4 Nf6 2. Nf3 g6 3. Nc3 Bg7 4. e4 d6 5. Be3 0-0 6. Qd2 Ng4 7. Bg5 h6 8. Bh4 Kh7 9. h3 Nf6 10. Bd3 Nbd7 11. e5 dxe5 12. dxe5 Ng8 13. 0-0-0 c6 14. g4 Qa5 15. Bg3 Nxe5 16. Nxe5 Bxe5 17. Bxe5 Qxe5 18. f4 Qa5 19. Qe2 b5 20. g5 b4 21. Nb1 Bf5 22. gxh6 Qc7 23. Qf2 Bxd3 24. Rxd3 Nxh6 25. h4 Rad8 26. Nd2 Rxd3 27. cxd3 Qd7 28. Kc2 Rd8 29. Qf1 Nf5 30. Rh3 Qd4 31. Qf3 Qf6 32. Kb1 Qd4 33. h5 Qg1+ 34. Nf1 Kg7 35. Rh1 Qd4 36. Rh3 e5 37. hxg6 fxg6 38. fxe5 c5 39. e6 Qd5 40. Qf2 Re8 41. Ng3 Qxd3+ 42. Kc1 Qe3+ 43. Qxe3 Nxe3 44. Ne4 Nf5 45. Kd2 c4 46. Nc5 Rd8+ 47. Ke2 Rd5 48. Na6 Rb5 49. Nc7 Rb7 50. Ne8+ Kg8 51. Nf6+ Kg7 52. Rh7+ Kxf6 53. Rxb7 Kxe6 54. Rxb4 Kd5 55. Ra4 Nd4+ 56. Ke3 Nb5 1-0

[Event "Condino op"]
[Site "Condino"]
[Date "2009.07.31"]
[Round "6"]
[White "Weinberg, Emanuele"]
[Black "Lodi, Paolo"]
[Result "1-0"]
[WhiteElo "1883"]
[BlackElo "1706"]
[PlyCount "105"]
[EventDate "2009.07.27"]
[EventType "swiss"]
[EventRounds "7"]
[EventCountry "ITA"]
[SourceTitle "CBM 131 Extra"]
[Source "ChessBase"]
[SourceDate "2009.09.03"]
[SourceVersion "2"]
[SourceVersionDate "2009.09.16"]
[SourceQuality "1"]

1. d4 f5 2. c4 e6 3. g3 Nf6 4. Nc3 d5 5. Bg2 c6 6. Nf3 Bd6 7. b3 0-0 8. Bb2 Ne4 9. 0-0 Nd7 10. Nd2 Nxd2 11. Qxd2 Nf6 12. f3 Qe8 13. e4 Bb4 14. exd5 exd5 15. Rfe1 Qf7 16. a3 Bxc3 17. Qxc3 Be6 18. c5 Bd7 19. Bc1 Nh5 20. Bg5 Nf6 21. Bf4 Rfe8 22. Qb4 Be6 23. Re2 a5 24. Qd2 h6 25. Bd6 a4 26. Qb4 axb3 27. Qxb3 Bc8 28. Rae1 Rxe2 29. Rxe2 Be6 30. Rb2 Bc8 31. Qd3 Nh5 32. Rf2 Nf6 33. Bh3 g6 34. g4 Be6 35. gxf5 gxf5 36. Rg2+ Kh8 37. Bxf5 Bxf5 38. Qxf5 Rxa3 39. Re2 Ra1+ 40. Kf2 Ne4+ 41. fxe4 Qxf5+ 42. exf5 Ra8 43. Kf3 Rg8 44. Rb2 Rg5 45. Kf4 Rh5 46. Rxb7 Rxh2 47. Rc7 Re2 48. Be5+ Kg8 49. Kf3 Re4 50. Rxc6 h5 51. Rc8+ Kf7 52. c6 h4 53. c7 1-0

[Event "Condino op"]
[Site "Condino"]
[Date "2009.07.27"]
[Round "1"]
[White "Cesati Cassin, Giorgio"]
[Black "Weinberg, Emanuele"]
[Result "0-1"]
[WhiteElo "1425"]
[BlackElo "1883"]
[PlyCount "102"]
[EventDate "2009.07.27"]
[EventType "swiss"]
[EventRounds "7"]
[EventCountry "ITA"]
[SourceTitle "CBM 131 Extra"]
[Source "ChessBase"]
[SourceDate "2009.09.03"]
[SourceVersion "2"]
[SourceVersionDate "2009.09.16"]
[SourceQuality "1"]

1. e4 Nf6 2. e5 Nd5 3. d4 d6 4. c4 Nb6 5. Nf3 Nc6 6. Nc3 Bf5 7. Be2 dxe5 8. dxe5 Qxd1+ 9. Nxd1 e6 10. 0-0 Bc5 11. Be3 Bxe3 12. Nxe3 Bg6 13. Rfd1 Nd7 14. Nh4 Ndxe5 15. f4 Nd7 16. Nxg6 hxg6 17. Rd2 Ke7 18. Rad1 Nc5 19. Bf3 Rad8 20. Rxd8 Rxd8 21. Rxd8 Kxd8 22. Bxc6 bxc6 23. b3 Nd3 24. g3 Nc1 25. Kf2 Nxa2 26. Kf3 c5 27. Nc2 a5 28. Ke4 f6 29. g4 Nc1 30. Na1 Ke7 31. h4 Kd6 32. h5 gxh5 33. gxh5 Ne2 34. Kf3 Nd4+ 35. Kg4 e5 36. fxe5+ Kxe5 37. Kh4 Kf4 38. Kh3 Kg5 39. Kg3 Kxh5 40. Kf4 Kh4 41. Ke4 g5 42. Kd5 g4 43. Kxc5 g3 44. Kxd4 g2 45. Nc2 g1Q+ 46. Ne3 f5 47. Kd3 Qg6 48. Nd5 f4+ 49. Ke2 Kg3 50. Kd2 f3 51. Ne7 Qg5+ 0-1

[Event "Liechtenstein Seniors op 09th"]
[Site "Triesen"]
[Date "2009.05.20"]
[Round "6"]
[White "Tesar, Peter"]
[Black "Weinberg, Emanuele"]
[Result "1/2-1/2"]
[WhiteElo "1984"]
[BlackElo "1885"]
[PlyCount "51"]
[EventDate "2009.05.15"]
[EventType "swiss"]
[EventRounds "9"]
[EventCountry "LIE"]
[SourceTitle "CBM 130 Extra"]
[Source "ChessBase"]
[SourceDate "2009.07.02"]
[SourceVersion "2"]
[SourceVersionDate "2009.07.15"]
[SourceQuality "1"]

1. c4 e6 2. g3 Nf6 3. Nf3 d5 4. b3 Be7 5. Bg2 b6 6. 0-0 Bb7 7. d3 0-0 8. Bb2 Na6 9. e3 dxc4 10. bxc4 Nc5 11. d4 Nce4 12. Qc2 Nd6 13. Nbd2 h6 14. Rac1 c5 15. Rfd1 cxd4 16. Bxd4 Rc8 17. Qb2 Qe8 18. c5 bxc5 19. Bxc5 Bd5 20. Bd4 Qa4 21. Ne5 Nb5 22. Bxd5 Nxd4 23. Bc4 Nf5 24. Qb3 Qxb3 25. axb3 Rfd8 26. Ndf3 1/2-1/2

[Event "Liechtenstein Seniors op 09th"]
[Site "Triesen"]
[Date "2009.05.15"]
[Round "1"]
[White "Weinberg, Emanuele"]
[Black "Karl, Hans"]
[Result "0-1"]
[WhiteElo "1885"]
[BlackElo "2233"]
[PlyCount "82"]
[EventDate "2009.05.15"]
[EventType "swiss"]
[EventRounds "9"]
[EventCountry "LIE"]
[SourceTitle "CBM 130 Extra"]
[Source "ChessBase"]
[SourceDate "2009.07.02"]
[SourceVersion "2"]
[SourceVersionDate "2009.07.15"]
[SourceQuality "1"]

1. d4 Nf6 2. c4 g6 3. Nc3 Bg7 4. e4 d6 5. f3 0-0 6. Be3 e5 7. d5 Nbd7 8. Nh3 Ne8 9. g4 a6 10. Qd2 Nc5 11. Nf2 b6 12. h4 f5 13. gxf5 gxf5 14. Nd3 f4 15. Bf2 Bd7 16. h5 Bf6 17. Nb4 Bg5 18. 0-0-0 Kh8 19. Be2 Rg8 20. Rdg1 h6 21. Nd3 Nxd3+ 22. Bxd3 Nf6 23. Qe1 Be8 24. Kb1 Nxh5 25. Nd1 Bf7 26. Qf1 Qe7 27. Be1 Rg7 28. Qh3 Rag8 29. Rh2 Be8 30. Nf2 Rh7 31. Ng4 Ng3 32. Rc2 h5 33. Ne3 fxe3 34. Bxg3 Bd7 35. Qf1 h4 36. Be1 h3 37. Rh1 Bf4 38. Bc3 Qg5 39. Re2 h2 40. Re1 Bh3 41. Qe2 Bg2 0-1